| 000 | 00842 a2200217 4500 | ||
|---|---|---|---|
| 010 | _aENG-85199 | ||
| 020 |
_a8176710571 _c450.00 |
||
| 035 | _aEN-68732 | ||
| 037 | _bD.B.Act / Pub | ||
| 082 | 0 | 0 | _a621.3822 |
| 090 |
_c1668 _d1668 |
||
| 100 | 1 | _aBlackledge, Johathan M. | |
| 245 | 1 | 0 |
_aDigital signal processing _bmathematical and computational methods, software development and applications _cby Johathan M. Blackledge |
| 250 | _a2nd ed | ||
| 260 |
_aNew Delhi _bAffiliated East-West Press _c2006 |
||
| 270 |
_a105, Nirmal Tower, 26, Barakhamba Road _bNew Delhi _cDelhi _e110001 _maffiliat@vsnl.com |
||
| 300 |
_axxvi, 813 p. : _bill. ; _c23 cm. (Pbk) |
||
| 650 | 0 |
_aSignal processing _xDigital techniques. |
|
| 942 |
_adpl _cEN _k621.3822 / BLA |
||
| 999 |
_c1638 _d1638 |
||